Schaum's outlines: Theory and problems of statistics (Record no. 7717)
[ view plain ]
| 000 -LEADER | |
|---|---|
| fixed length control field | 00756 a2200253 4500 |
| 020 ## - INTERNATIONAL STANDARD BOOK NUMBER | |
| International Standard Book Number | 0070527121 |
| 040 ## - CATALOGING SOURCE | |
| Original cataloging agency | DLC |
| Language of cataloging | DLC |
| 082 00 - DEWEY DECIMAL CLASSIFICATION NUMBER | |
| Classification number | 519.5 |
| 100 1# - MAIN ENTRY--PERSONAL NAME | |
| Personal name | Spiegel, Murray R. |
| 245 10 - TITLE STATEMENT | |
| Title | Schaum's outlines: Theory and problems of statistics |
| Statement of responsibility, etc. | Murray R. Spiegel |
| 246 30 - VARYING FORM OF TITLE | |
| Title proper/short title | Statistics |
| 250 ## - EDITION STATEMENT | |
| Edition statement | 3rd. ed. |
| 260 ## - PUBLICATION, DISTRIBUTION, ETC. | |
| Place of publication, distribution, etc. | Islamabad: |
| Name of publisher, distributor, etc. | National Book Foundation, |
| Date of publication, distribution, etc. | c2000. |
| 300 ## - PHYSICAL DESCRIPTION | |
| Extent | v, 138 p. : |
| Other physical details | ill. ; |
| Dimensions | 22 cm. |
| 490 0# - SERIES STATEMENT | |
| Series statement | Schaum's outline series |
| 500 ## - GENERAL NOTE | |
| General note | Includes index. |
| 650 #0 - SUBJECT ADDED ENTRY--TOPICAL TERM | |
| Topical term or geographic name entry element | Mathematical statistics |
| 650 #0 - SUBJECT ADDED ENTRY--TOPICAL TERM | |
| Topical term or geographic name entry element | Mathematical statistics |
| 700 1# - ADDED ENTRY--PERSONAL NAME | |
| Personal name | Stephens, Larry J. |
| 856 42 - ELECTRONIC LOCATION AND ACCESS | |
| Materials specified | Publisher description |
| 856 42 - ELECTRONIC LOCATION AND ACCESS | |
| Materials specified | Table of contents |
| 856 42 - ELECTRONIC LOCATION AND ACCESS | |
| Materials specified | Contributor biographical information |
| 942 ## - ADDED ENTRY ELEMENTS (KOHA) | |
| Koha item type | Book |
| Call number prefix | 519.5 SPI |
| Source of classification or shelving scheme | |
| Withdrawn status | Lost status | Damaged status | Not for loan | Collection code | Permanent Location | Current Location | Shelving location | Date acquired | Source of acquisition | Total Checkouts | Total Renewals | Full call number | Barcode | Date last seen | Date last checked out | Price effective from | Koha item type |
|---|---|---|---|---|---|---|---|---|---|---|---|---|---|---|---|---|---|
| Central Library (CL) | Central Library (CL) | General Stacks | 01/03/2008 | Donation | 2 | 1 | 519.5 SPI | SEECS006870 | 06/16/2021 | 06/16/2021 | 01/05/2017 | Book | |||||
| Central Library (CL) | Central Library (CL) | General Stacks | 01/03/2008 | Donation | 2 | 519.5 SPI | SEECS006871 | 06/07/2014 | 04/16/2014 | 01/05/2017 | Book | ||||||
| Central Library (CL) | Central Library (CL) | General Stacks | 01/03/2008 | Donation | 4 | 519.5 SPI | SEECS006824 | 01/31/2022 | 12/08/2021 | 01/05/2017 | Book |
